Statistics for Anti- Vocabulary Words Quiz

Click here to take the quiz!

General Stats

  • This quiz has been taken 27,053 times
    (21,170 since last reset)
  • The average score is 11 of 20

Answer Stats

DefinitionWord% Correct
Poison remedyAntidote
92%
False messiah of the end timesAntichrist
83%
Penicillin, for exampleAntibiotic
79%
Substance that prevents sweatingAntiperspirant
77%
Italian appetizerAntipasto
76%
Hostile towards other people;
or maybe just reclusive
Antisocial
76%
Pro-lifeAntiabortion
75%
Car radiator fluidAntifreeze
72%
Flawed protagonistAntihero
61%
Allergy medicationAntihistamine
61%
Prozac or Zoloft, e.g.Antidepressant
60%
Immune system protein that
neutralizes bacteria and viruses
Antibody
55%
The 51st element, symbol SbAntimony
42%
Athlete's foot treatmentAntifungal
41%
Antiprotons, positrons, etc...Antimatter
41%
HatredAntipathy
33%
Opposed to monopoliesAntitrust
32%
Quinine, for exampleAntimalarial
29%
Enemy of free radicalsAntioxidant
28%
Place at the exact opposite
spot on the globe
Antipode
19%

Score Distribution

Percentile by Number Answered

Percent of People with Each Score

Your Score History

You have not taken this quiz since the last reset